Laskavost a hořkost humoru v úvahách Louise Cazamiana

Úvahy o humore, ktorého autorom je významný francúzsky historik a teoretik literatúry a kultúry Louis Cazamian (1877-1965). Cazamianovo riešenie problému vzťahu humoru k láskavosti, či k určitej tvrdosti, snahy tohto autora popísať charakter humoru ako zvláštnej podoby komiky jazyka.

Gespeichert in:
Bibliographische Detailangaben
1. Verfasser: Ševčík, Miloš
Format: Buchkapitel
Sprache:Tschechisch
Schlagworte:
Tags: Tag hinzufügen
Keine Tags, Fügen Sie das erste Tag hinzu!

MARC

LEADER 00000naa a2200000 4500
001 0262101
005 20200203111637.5
041 0 |a cze 
044 |a SK 
245 1 0 |a Laskavost a hořkost humoru v úvahách Louise Cazamiana  |c Miloš Ševčík 
520 |a Úvahy o humore, ktorého autorom je významný francúzsky historik a teoretik literatúry a kultúry Louis Cazamian (1877-1965). Cazamianovo riešenie problému vzťahu humoru k láskavosti, či k určitej tvrdosti, snahy tohto autora popísať charakter humoru ako zvláštnej podoby komiky jazyka. 
610 2 0 |a literatúra 
610 2 0 |a kultúra 
610 2 0 |a humor 
610 2 0 |a emócie 
610 2 0 |a komunikácia 
100 1 |a Ševčík, Miloš